[Event "OMA-chT Clubs"]
[Site "Muscat"]
[Date "2022.08.31"]
[Round "7.3"]
[White "Al Hanai, Said Hashil"]
[Black "Al Mamari, Mohammed Saif"]
[Result "1-0"]
[WhiteElo "1537"]
[BlackElo "1527"]
[PlyCount "169"]
[EventDate "2022.08.26"]
[EventType "team-swiss"]
[EventRounds "9"]
[EventCountry "OMN"]
[SourceTitle "EXT 2023"]
[Source "ChessBase"]
[SourceDate "2022.10.05"]
[SourceVersion "1"]
[SourceVersionDate "2022.10.05"]
[SourceQuality "1"]
[WhiteTeam "Al Salam"]
[BlackTeam "Ibri"]
[WhiteTeamCountry "OMN"]
[BlackTeamCountry "OMN"]

1. e4 c5 2. Nf3 d6 3. Bd3 Nf6 4. 0-0 g6 5. c3 Bg7 6. Be2 0-0 7. d3 Nc6 8. Re1 a6 9. Bg5 b5 10. Nbd2 Bb7 11. Bf1 Nd7 12. Rb1 Rb8 13. h3 Re8 14. Nh2 h6 15. Bh4 Qa5 16. a3 Qc7 17. Bg3 b4 18. cxb4 cxb4 19. a4 a5 20. b3 Ba6 21. Rc1 Qb6 22. Nc4 Bxc4 23. dxc4 Nc5 24. Bf4 Ne5 25. Be3 Qb7 26. Kh1 Nxe4 27. Kg1 Nc5 28. f4 Nc6 29. Be2 Qc7 30. Bf3 e5 31. Rf1 e4 32. Be2 Rbd8 33. f5 Ne5 34. fxg6 fxg6 35. Ng4 Nxg4 36. Bxg4 Nd3 37. Rc2 Qe7 38. Be2 d5 39. Bb6 Rb8 40. c5 Bd4+ 41. Kh1 Nf2+ 42. Rxf2 Bxf2 43. Qxd5+ Qe6 44. Qd1 Kh7 45. Bc4 Qe7 46. Rxf2 Rf8 47. Re2 e3 48. Qe1 Rb7 49. Rxe3 Qg5 50. Re5 Qf6 51. Re6 Qg5 52. Re5 Qf6 53. Bxa5 Rd7 54. Bxb4 Rd1 55. Re7+ Qxe7 56. Qxd1 Rd8 57. Qf3 Rf8 58. Qd5 Rd8 59. Qf7+ Qxf7 60. Bxf7 Kg7 61. Bc4 Kf6 62. Bc3+ Ke7 63. b4 Rd1+ 64. Kh2 Rc1 65. Bd3 Rxc3 66. Bxg6 Rc4 67. b5 Rxa4 68. c6 Kd6 69. Bd3 Rd4 70. Be2 Rd2 71. Bf1 Rd1 72. Kg1 Rb1 73. Kf2 Rb2+ 74. Kg3 Rb4 75. h4 Rb1 76. Be2 Rb2 77. Kf3 Rb4 78. g3 Rb3+ 79. Kg4 Re3 80. Bf3 Re5 81. b6 Rb5 82. c7 Rc5 83. Be4 h5+ 84. Kf4 Kd7 85. Bf5+ 1-0

[Event "OMA-chT Clubs"]
[Site "Muscat"]
[Date "2022.08.29"]
[Round "5.3"]
[White "Qatan, Said Mahad"]
[Black "Al Mamari, Mohammed Saif"]
[Result "1-0"]
[WhiteElo "1637"]
[BlackElo "1527"]
[PlyCount "68"]
[EventDate "2022.08.26"]
[EventType "team-swiss"]
[EventRounds "9"]
[EventCountry "OMN"]
[SourceTitle "EXT 2023"]
[Source "ChessBase"]
[SourceDate "2022.10.05"]
[SourceVersion "1"]
[SourceVersionDate "2022.10.05"]
[SourceQuality "1"]
[WhiteTeam "Salalah"]
[BlackTeam "Ibri"]
[WhiteTeamCountry "OMN"]
[BlackTeamCountry "OMN"]

1. e4 c5 2. Nf3 d6 3. d4 cxd4 4. Nxd4 Nf6 5. Nc3 g6 6. Bc4 a6 7. Bb3 b5 8. f3 Bb7 9. Be3 Nbd7 10. Qd2 Bg7 11. 0-0-0 Nc5 12. Kb1 Rc8 13. Bh6 Nxb3 14. cxb3 Bxh6 15. Qxh6 b4 16. Na4 Qa5 17. Rc1 Qh5 18. Rxc8+ Bxc8 19. Rc1 Bb7 20. Qxh5 Nxh5 21. Rc7 Bxe4+ 22. fxe4 0-0 23. Rxe7 Rc8 24. g3 Nf6 25. Nb6 Rc5 26. Nd7 Nxd7 27. Rxd7 Re5 28. Rxd6 Rxe4 29. Kc2 h5 30. a3 h4 31. Kd3 hxg3 32. Rd8+ Kg7 33. Kxe4 gxh2 34. Ne6+ Kh7 1-0

[Event "OMA-chT"]
[Site "Muscat"]
[Date "2020.01.29"]
[Round "6.12"]
[White "Al Mamari, Mohammed Saif"]
[Black "Al Amari, Mohammed"]
[Result "1/2-1/2"]
[WhiteElo "1478"]
[BlackElo "1664"]
[PlyCount "178"]
[EventDate "2020.01.25"]
[EventType "team-swiss"]
[EventRounds "9"]
[EventCountry "OMN"]
[SourceTitle "CBM 194 Extra"]
[Source "ChessBase"]
[SourceDate "2020.03.31"]
[SourceVersion "1"]
[SourceVersionDate "2020.03.31"]
[SourceQuality "1"]

1. d4 Nf6 2. Nf3 d5 3. c4 e6 4. Nc3 c6 5. Bg5 Be7 6. e3 h6 7. Bh4 Qa5 8. c5 b6 9. Qa4 Qxa4 10. Nxa4 bxc5 11. dxc5 Na6 12. Rc1 Nd7 13. Bxe7 Kxe7 14. Nd4 Ndb8 15. f4 Bd7 16. Bd3 Nc7 17. 0-0 Nba6 18. a3 f6 19. e4 dxe4 20. Bxe4 Nd5 21. b4 Nac7 22. Nc3 Rab8 23. Nxd5+ exd5 24. Nf5+ Bxf5 25. Bxf5 Rhd8 26. Rfe1+ Kf7 27. Bc2 Nb5 28. Re3 a6 29. Rce1 Re8 30. Rxe8 Rxe8 31. Bg6+ Kxg6 32. Rxe8 Nxa3 33. Re6 Nc2 34. b5 axb5 35. Rxc6 Kf7 36. Rb6 b4 37. f5 Ke7 38. Rb7+ Kd8 39. Kf1 Kc8 40. c6 Ne3+ 41. Kf2 Nxf5 42. Rxb4 Kc7 43. g4 Nd6 44. Ra4 Kxc6 45. Ra8 f5 46. Rg8 Ne4+ 47. Ke3 Nf6 48. Rxg7 Nxg4+ 49. Kd4 Nxh2 50. Rg6+ Kd7 51. Kxd5 Ng4 52. Rg7+ Ke8 53. Ke6 Kf8 54. Rf7+ Kg8 55. Rxf5 Kg7 56. Rf4 Ne3 57. Rf3 Ng4 58. Rg3 h5 59. Kf5 Kf7 60. Rh3 Nf6 61. Rf3 Ng4 62. Kg5+ Ke6 63. Kxh5 Ne5 64. Rf4 Kd6 65. Kg5 Nc6 66. Re4 Kd5 67. Re1 Kd4 68. Kf5 Kd5 69. Rd1+ Nd4+ 70. Kf4 Kc5 71. Ke4 Nc6 72. Rd2 Nb4 73. Ke5 Nc6+ 74. Ke6 Nd4+ 75. Ke7 Nc6+ 76. Kd7 Nd4 77. Rd1 Kd5 78. Ra1 Ke5 79. Ra5+ Ke4 80. Rh5 Kd3 81. Kd6 Kc4 82. Rh4 Kd3 83. Kd5 Nf3 84. Ra4 Ke3 85. Rb4 Nd2 86. Ra4 Nf3 87. Ra3+ Kf4 88. Ke6 Nd4+ 89. Kf6 Ke4 1/2-1/2